000 01613nam a2200337 i 4500
001 123973
003 ES-MaACL
005 20251218135358.0
007 t|
008 070214s1927 sp |||| | spa d
100 1 _aVilla-Urrutia, Wenceslao Ramírez de Villa-Urrutia,
_cMarqués de,
_d1850-1933
_9114894
245 1 0 _aOcios diplomáticos /
_cMarqués de Villa-Urrutia.
250 _a2ª ed. corr. y aum.
260 _aMadrid :
_bFrancisco Beltrán Librería Española y Extranjera,
_c1927 (
_fTip. Artística)
300 _a195 p. ;
_c23 cm.
504 _aReferencias bibliográficas.
505 8 _aContiene: La jornada del Condestable de Castilla a Inglaterra para las paces de 1604 ; La Embajada de Lord Nottingham a España en 1605 ; Rubens diplomático ; Antonio Van Dyck ; Francisco de Vitoria, precursor de Grocio ; La literatura del derecho internacional en España durante el siglo XVII
530 _aDisponible en formato digital.
600 1 4 _aFernández de Velasco, Juan.
_9157485
600 1 4 _aNottingham, Charles Howard
_cEarl of (
_dca. 1536-1624)
_9157486
600 1 4 _aRubens, Peter Paul.
_9100291
600 1 4 _aDyck, Antoon van,
_d1599-1641
_946405
600 1 4 _aVitoria, Francisco de.
_9115517
650 4 _aDerecho internacional-
_zEspaña-
_vHistoria.
_9157487
651 4 _aEspaña-
_xRelaciones-
_zGran Bretaña.
_9143992
651 4 _aGran Bretaña-
_xRelaciones-
_zEspaña.
_9143993
852 _aES-MaACL
_jA-4603
_cSPP1
856 4 _uhttp://bdh-rd.bne.es/viewer.vm?id=0000200519&page=1
_y(Biblioteca Digital Hispánica)
942 _2udc
999 _c123973
_d123973